000
00258nam a2200109Ia 4500
008
200302s9999 xx 000 0 und d
100
_a
Coa
245
_a
Handbook of Professional Documents
260
_b
Council of Architecture
260
_c
2011
300
_a
282
999
_c
3680
_d
3680